Katalóg predmetov kreditového systému štúdia ECTS bakalárske študijné programy

Bibliographic Details
Corporate Author: Technická univerzita vo Zvolene. Lesnícka fakulta
Format: Serial
Language:Slovak
PhysicalDescription:zv. tab. 21 cm
Published: Zvolen Technická univerzita
ISBN:8022815071 (brož. : r. [2005/2006])
8022816426 (brož. : r. [2006/2007])

MARC

LEADER 00000nas a2200000 a 4500
001 vtls008701791
003 SK-MaSNL
005 20260228155852.0
008 060518cuuuu9999xo ar 0 b0slo
020 |a 8022815071 (brož. : r. [2005/2006]) 
020 |a 8022816426 (brož. : r. [2006/2007]) 
040 |a SNK  |b slo  |c SNK  |e AACR2 
041 0 |a slo 
044 |a xo  |c SK 
110 2 |a Technická univerzita vo Zvolene.  |b Lesnícka fakulta  |9 174298 
245 0 0 |a Katalóg predmetov kreditového systému štúdia ECTS  |b bakalárske študijné programy  |c Technická univerzita vo Zvolene, Lesnícka fakulta 
246 1 3 |a Katalóg predmetov 
260 |a Zvolen  |b Technická univerzita 
300 |a zv.  |b tab.  |c 21 cm 
310 |a 1x ročne 
500 |a Popis podľa R. : [2005/2006]) (vydené v r. 2005) 
910 |a snk 
919 |a 80-228-1507-1 
919 |a 80-228-1642-6 
999 |c 775  |d 775 
952 |0 0  |1 0  |4 0  |7 1  |8 0  |a SNK  |b SNK  |d 2006-05-18  |i snk2006/10063  |l 0  |o snkČSD 2377/[2005-2006]  |p 17A0502160  |r 2026-02-21 19:52:16  |w 2026-02-21  |y NEVYP 
952 |0 0  |1 0  |4 0  |7 0  |8 0  |a SNK  |b SNK  |d 2006-05-18  |i snk2006/10064  |l 0  |o snkČSD 2377/[2005-2006] D1  |p 17A0502161  |r 2026-02-21 19:52:16  |w 2026-02-21  |y PREZ 
952 |0 0  |1 0  |4 0  |7 1  |8 0  |a SNK  |b SNK  |d 2006-11-06  |i snk2006/22811  |l 0  |o snkČSD 2377/[2006-2007]  |p 17A0524423  |r 2026-02-21 20:04:56  |w 2026-02-21  |y NEVYP 
952 |0 0  |1 0  |4 0  |7 0  |8 0  |a SNK  |b SNK  |d 2006-11-06  |i snk2006/22812  |l 0  |o snkČSD 2377/[2006-2007] D1  |p 17A0524424  |r 2026-02-21 20:04:56  |w 2026-02-21  |y PREZ